000
00333nam a2200145Ia 4500
005
20251222141857.0
008
251222s9999||||xx |||||||||||||| ||spa||
020
_a
84-309-3396-4
082
_a
348.023/G46
100
_a
Gimbernat Ordeig, Enrique
245
0
_a
Código Penal
250
_a
5a.ed.
264
_b
Tecnos
942
_c
LIB
999
_c
7942
_d
7942